000 01340nam a22003617a 4500
003 CHAP
005 20220329143408.0
008 090331s2009 mx r 00010 spa d
010 _a95959
011 _a96931
035 _a107588
040 _cCHAP
090 _aTesis
100 1 _aRivera Salas, María Belén.
_997749
245 1 0 _aAvances en la investigación sobre ovinos criollos :
_buna revisión
_c/por María Belén Rivera Salas
260 _aChapingo, Méx. :
_bEl autor,
_c2009
300 _aviii, 95 h. :
_bilus., cuadros, gráfs.
502 _aTesis (Ing. Agr. Esp. en Zootecnia) -- UACH. Departamento de Enseñanza, Investigación y Servicio en Zootecnia
590 _aALEPH
_b10
_c20130110
_lUCH01
_h1528
590 _aBATCH-UPD
_b10
_c20130110
_lUCH01
_h0550
590 _aBATCH-UPD
_b10
_c20130410
_lUCH01
_h0231
590 _aBATCH-UPD
_b10
_c20130914
_lUCH01
_h0629
590 _aCONVERSION
_b10
_c20130109
_lUCH01
_h1353
650 1 4 _aBiodiversidad.
_912724
650 1 4 _aCarne
_xProducción.
_919109
650 1 4 _aGanado lanar
_xProducción.
_945214
650 1 4 _aLana.
_964606
650 1 4 _aRecursos genéticos.
_995078
901 _aBK
942 _cFOLL
949 _aTesis
_bBC
_cTES
_d33724002088842
_eTS1
_gDonaciØn
_h49051
_i107588
_sb
949 _aTesis
_bBC
_cTES
_d33724002088884
_eTS2
_fc.2
_gDonaciØn
_h49052
_i107588
_sb
999 _c95959
_d95959